| 000 -LEADER |
| fixed length control field |
00515nam a2200169Ia 4500 |
| 008 - FIXED-LENGTH DATA ELEMENTS--GENERAL INFORMATION |
| fixed length control field |
181130s2018 xx 000 0 und d |
| 100 ## - MAIN ENTRY--PERSONAL NAME |
| Personal name |
Landais, Camille |
| 245 ## - TITLE STATEMENT |
| Title |
A macroeconomic approach to optimal unemployment insurance |
| Remainder of title |
applications |
| 260 ## - PUBLICATION, DISTRIBUTION, ETC. |
| Date of publication, distribution, etc. |
2018 |
| 300 ## - PHYSICAL DESCRIPTION |
| Extent |
p.182-216. |
| 504 ## - BIBLIOGRAPHY, ETC. NOTE |
| -- |
May |
| 650 ## - SUBJECT ADDED ENTRY--TOPICAL TERM |
| Topical term or geographic name entry element |
Unemployment |
| 650 ## - SUBJECT ADDED ENTRY--TOPICAL TERM |
| Topical term or geographic name entry element |
Unemployment - Insurance |
| 700 ## - ADDED ENTRY--PERSONAL NAME |
| Personal name |
Michaillat, Pascal and Saez, Emmanuel |
| 773 ## - HOST ITEM ENTRY |
| Main entry heading |
American Economic Journal: Economic Policy |
| 906 ## - LOCAL DATA ELEMENT F, LDF (RLIN) |
| a |
Unemployment |